000 02294nam a2200301 a 4500
003 OSt
005 20260317140140.0
008 230426s2003 mx ||||gr|||| 00| 0dspa d
020 _a978-968-16-6942-3
040 _cCHAP
_erda
_aPA
041 _aspa
_bspa
_fspa
_hspa
082 0 0 _aPA 501
_q.P47 2003
100 0 _990049
_aPérez Tamayo, Ruy
245 1 1 _a¿Existe el método científico? :
_bhistoria y realidad /
_cRuy Pérez Tamayo.
250 _a3a edición.
264 _aMéxico:
_bFondo de Cultura Económica,
_c2003.
300 _a301 páginas.
336 _2rdacontent
_atexto
_btxt
337 _2rdamedia
_asin medio
_bn
338 _2rdacarrier
_avolumen
_bnc
490 1 _aLa ciencia para todos
_v161
505 _aIntroducción.-- Agradecimientos.-- I. La tradición antigua: Platón y Aristóteles.-- II.Los científicos de la Revolución científica : Vesalio, Galileo, Harvey, Newton, Hooke y Leibniz.-- III.Los filósofos de la Revolución científica : Bacon, Descartes, Locke, Berkeley, Hume y Kant.-- IV.Los empiristas victorianos del siglo XIX : Herschel, Mill y Whewel.-- V.Los positivistas del siglo XIX : comte, Mach, Peirce y Poincaré.-- VI.El positivismo lógico : Wittgenstein, Carnap y el Círculo de Viena. Reichenbach y la escueal de Berlín.-- VII.Las ideas contemporáneas (1): Bridgman, Rosenblueth y el operacionismo Eddington y el subjetivismo selectivo; Popper y el falsacionismo.-- VIII.Las ideas contemporáneas (II) : Lakatos y los programas de investigación, Kuhn y el relativismo histórico, Feyerabend y el anarquismo.-- IX. Resumen general y conclusiones.-- Lecturas recomendadas.
520 _aEl doctor Pérez Tamayo reúne aquí los textos que presentó en los cursos dictados en El Colegio Nacional sobre la naturaleza del método científico y las innumerables polémicas desatadas a lo largo de la historia de la ciencia, con el fin de dirimir sus límites y la base conceptual en que se funda. El lector encontrará aquí una revisión cronológica de las ideas sobre el método científico a lo largo de 25 siglos y, con base en ella, la interpretación del autor como científico.
650 0 _aCiencia
_xMetodología
_9191374
650 0 _aCiencia
_xFilosofía
_9191375
830 3 _964201
_aLa ciencia para todos
942 _2ddc
_cLIBRO
999 _c218635
_d218635